| 000 | 01553nam a2200313 a 4500 | ||
|---|---|---|---|
| 001 | 000020261 | ||
| 003 | DO-SdBPM | ||
| 005 | 20241107114919.0 | ||
| 008 | 100802s2015 dr r 000 0 spa d | ||
| 020 | _a9789945082685 | ||
| 040 |
_aDO-SdBPM _bspa _cBPMSU |
||
| 082 | 4 |
_a306.362 _bD325c 2015 _222 |
|
| 100 | 1 |
_aDeive, Carlos Esteban, _d1935-2019 |
|
| 245 | 1 | 4 |
_aLas culturas afrocaribeñas / _cCarlos Esteban Deive ; presentación Bolívar Troncoso Morales. |
| 260 |
_aSanto Domingo : _bInstituto Panamericano de Gografía e Historia, _c2015. |
||
| 300 |
_a461 p. ; _bil., mapas. ; _c24 cm. |
||
| 500 | _aIncluye índice | ||
| 500 | _aIncluye datos biográficos del autor en la solapa de la cubierta | ||
| 504 | _aBibliografía : p. 421-441 | ||
| 505 | 0 |
_aPresentación / _rBolívar Troncoso Morales -- _tIntroducción _tLa esclavitud -- _tVida de los esclavos -- _tEl cimarronaje -- _tLa abolición de la esclavitud -- _tEl proceso de formación de las sociedades caribeñas actuales -- _tLos estudios afroamericanos -- _tReligión y magia -- _tMúsica y danza -- _tEconomía, cocina y familia -- _tLenguaje y lteratura oral -- _tBibliografía-- _tíndice de personajes -- _tíndice de lugares |
|
| 590 | _aInventariado, 2024/VM | ||
| 650 | 4 |
_aCultura _zCaribe (Región) |
|
| 650 | 4 |
_aNegros _zCaribe (Región) _xHistoria |
|
| 650 | 4 |
_aEsclavos _zCaribe (Región) _xHistoria |
|
| 651 | 4 |
_aCaribe (Región) _xInfluencia africana |
|
| 700 | 1 |
_aTroncoso Morales, Bolívar _epresentación |
|
| 910 | _aVMateo V. Control de calidad. BPMSU | ||
| 942 |
_2ddc _cBK |
||
| 999 |
_c14852 _d14852 |
||